[Event "Urals-ch 72nd"]
[Site "Tiumen"]
[Date "2014.03.26"]
[Round "7"]
[White "Sannikov, Nikita"]
[Black "Tsygankov, Gennadii"]
[Result "0-1"]
[WhiteElo "1795"]
[BlackElo "1938"]
[PlyCount "42"]
[EventDate "2014.03.20"]
[EventType "swiss"]
[EventRounds "9"]
[EventCountry "RUS"]
[SourceTitle "CBM 159 Extra"]
[Source "ChessBase"]
[SourceDate "2014.04.24"]
[SourceVersion "1"]
[SourceVersionDate "2014.04.24"]
[SourceQuality "1"]

1. d4 Nf6 2. Nc3 g6 3. e4 d6 4. Be3 Bg7 5. Qd2 0-0 6. Bh6 e5 7. Bxg7 Kxg7 8. d5 Qe7 9. Bc4 Nbd7 10. Nge2 a6 11. a4 Nc5 12. f3 a5 13. 0-0 Nh5 14. g4 Nf6 15. Ng3 h6 16. Kg2 Nh7 17. Nb5 Rd8 18. h4 c6 19. Nc3 Qxh4 20. Rh1 Qg5 21. Qxg5 Nxg5 0-1